| 000 | 00480nam a2200169Ia 4500 | ||
|---|---|---|---|
| 008 | 180207s9999 xx 000 0 und d | ||
| 020 | _a9780689711732 | ||
| 050 | _bV798 1972 | ||
| 100 | _aViorst, Judith. | ||
| 245 | _aAlexander and the terrible, horrible, no good, very bad day / | ||
| 245 | _cJudith Viorst ; illustrated by Ray Cruz. | ||
| 260 | _aNew York : | ||
| 260 | _bAladdin Paperbacks, | ||
| 260 | _c1972 | ||
| 300 | _aunpaged : | ||
| 300 | _bcolor illustration ; | ||
| 999 |
_c355282 _d355282 |
||